000 00901nam a2200217 i 4500
001 42997
003 ES-MaACL
005 20250809105145.0
007 t|
008 030314s1848 sp ||||1| spa d
100 1 _aCenturión, Leopoldo Augusto de.
_937423
245 1 3 _aEl Conde de Montemolin
_b: historia de la vida pública y privada de D. Carlos Luis Borbón y de Braganza, primogénito de D. Carlos María Isidro /
_cescrito por Lepoldo Augusto de Centurión.
250 _a2ª ed. corr. y considerablemente aum.
260 _aMadrid :
_bManuel Alvarez,
_c1848.
300 _a248 p. ;
_c17 cm.
530 _aDisponible en formato digital.
600 1 4 _aBorbón, Carlos Luis de,
_cConde de Montemolín,
_d1818-1861
_9147969
852 _aES-MaACL
_jG-1310
856 _uhttp://bdh-rd.bne.es/viewer.vm?id=0000120875&page=1
_zBiblioteca Digital Hispánica
999 _c42997
_d42997